Zgadnij aktora po zdjęciu - Polska - Statystyki

Ogólne statystyki
  • Ten quiz został rozwiązany 82 razy
  • Średni wynik to 10 z 16
Statystyki odpowiedzi
Obrazkowy Odpowiedź % Poprawnych
Cezary Pazura
93%
Borys Szyc
84%
Bogusław Linda
79%
Cezary Żak
79%
Julia Wieniawa
75%
Agnieszka Dygant
74%
Małgorzata Kożuchowska
74%
Maciej Stuhr
70%
Maciej Zakościelny
69%
Małgorzata Foremniak
66%
Misiek Koterski
51%
Sonia Bohosiewicz
46%
Adam Woronowicz
44%
Maja Bohosiewicz
39%
Tomasz Oświeciński
34%
Piotr Stramowski
30%
Nie znaleziono quizów pasujących do podanych kryteriów
Rozkład punktacji
Procent ludzi z każdym wynikiem
Percentyl według liczby udzielonych odpowiedzi
Twoja historia wyników
Nie rozwiązałeś tego quizu